000 00886nam a2200301Ia 4500
001 9904
003 IT-RoPAU
008 130308s9999 xx 000 0 und d
040 _aIT-RoPAU
040 _cIT-RoPAU
041 _aITALIANO
100 _aMolica Colella Isido
100 _gCodice Aut. SPICS: 3667
245 _aDiffusione verticale e orizzontale della informazione da mic
245 _bMetodologie di Analisi Economiche ed Organizzative per L'App
250 _a1a ed.
260 _aMODENA
260 _bStem Mucchi
260 _c1971 [1° Ed.:1971 - Ed.Ling.Originale:1971]
300 _a"6 p. (prefazione: no ; testo: 6 [pagine: 79-84])"
500 _aInformazione da microfilm nella Pubblica Amministrazione
650 _aTECNICA CINEMATOGRAFICA
650 _eCodice materia Spics: 6802
942 _cBK
957 _71
999 _c51468
_d51468
999 _bSI
999 _g1